MDQL
is popping MORE tags! Check the
thread
!
Quizzes
Events
Quiz Creation
Community
Videos
Private Events
Remove Ads
Sign In
Join for FREE
Feedback
Dark Mode
Quiz Categories
Sports
Geography
Music
Movies
Television
Just For Fun
Miscellaneous
History
Literature
Language
Science
Gaming
Entertainment
Religion
Holiday
For Kids
Quiz Lab
Recent
Popular Today
Quiz Kudos Today
Editor Picks
Curator Picks
Quizzes by...
Day
Popularity
Type
Ratings
Length
Year
Community
Subscriptions
Recent Discussions
Orange Saloon
Badges
Playlists
Quests
Create
Leaderboards
Showdown
Live 5
Trivia Bingo
Activity
Puzzle Library
Sporcle Events
Private Events
Virtual Trivia
Globe League
Become a Host
Pub Owners
SporcleCon
Opinionation
Our Games
Videos
Blog
Mobile Apps
Partnerships
Remove Ads and Go Orange
Feedback
Sports
Athletes
MLB
NBA
NHL
NFL
Soccer
Sports Teams
WWE
NCAA
Football
Premier League
Basketball
Baseball
Hockey
Golf
Tennis
Cricket
Rugby
Auto Racing
Olympics
World Cup
Sports
Athletes
MLB
NBA
NHL
NFL
Soccer
Sports Teams
WWE
NCAA
Football
Premier League
Basketball
Baseball
Hockey
Golf
Tennis
Cricket
Rugby
Auto Racing
Olympics
World Cup
Random Quiz
Search Sporcle
×
Quiz Lab
Quiz Lab
Sports
Premier League
Type in answers that appear in a list
Type in answers that appear in a list
Classic
Best Score? Go Orange.
Premier League Top 4 and Bottom 3 Since 2000 Stats
Can you name the Premier League Top 4 and Bottom 3 Since 2000?
By
dbirch4
10m
105 Questions
884 Plays
884 Plays
884 Plays
Comments
Comments
Give Quiz Kudos
Give Quiz Kudos
-
- Ratings
hide this ad
Replay
Link that replays current quiz
Next Quiz
Link to next quiz in quiz playlist
You Got
0%
They Got
Avg Score
85%
Avg Friend Score
Upgrade to see
Score Distribution
Jump to the score distribution portion of the page
Score
0/105
Timer
10:00
0
Plays Today
Year
Team
% Correct
2013
Chelsea
99.6%
2014
Chelsea
99.6%
2012
Manchester United
99.5%
2012
Arsenal
99.5%
2011
Manchester United
99.5%
2011
Chelsea
99.5%
2011
Arsenal
99.5%
2010
Chelsea
99.5%
2010
Manchester United
99.5%
2010
Arsenal
99.5%
2009
Manchester United
99.5%
2009
Chelsea
99.5%
2009
Arsenal
99.5%
2008
Manchester United
99.5%
2008
Chelsea
99.5%
2008
Arsenal
99.5%
2007
Manchester United
99.5%
2007
Chelsea
99.5%
2007
Arsenal
99.5%
2006
Chelsea
99.5%
2006
Manchester United
99.5%
2006
Arsenal
99.5%
2005
Chelsea
99.5%
2005
Manchester United
99.5%
2005
Arsenal
99.5%
2004
Arsenal
99.5%
2004
Chelsea
99.5%
2004
Manchester United
99.5%
2003
Manchester United
99.5%
2003
Arsenal
99.5%
2003
Chelsea
99.5%
2002
Arsenal
99.5%
2002
Manchester United
99.5%
2001
Manchester United
99.5%
2001
Arsenal
99.5%
Year
Team
% Correct
2000
Manchester United
99.5%
2000
Arsenal
99.5%
2012
Manchester City
99.3%
2011
Manchester City
99.3%
2001
Manchester City
99.3%
2013
Arsenal
99.3%
2013
Manchester City
99.3%
2013
Manchester United
99.3%
2014
Arsenal
99.3%
2014
Manchester City
99.3%
2009
Liverpool
99.2%
2008
Liverpool
99.2%
2007
Liverpool
99.2%
2006
Liverpool
99.2%
2004
Liverpool
99.2%
2002
Liverpool
99.2%
2001
Liverpool
99.2%
2000
Liverpool
99.2%
2014
Liverpool
98.8%
2009
Newcastle United
93.4%
2003
Newcastle United
93.4%
2002
Newcastle United
93.4%
2005
Everton
92.9%
2004
Leeds United
90.9%
2001
Leeds United
90.9%
2000
Leeds United
90.7%
2011
West Ham United
89.4%
2006
Sunderland
89.2%
2003
Sunderland
89.2%
2014
Norwich City
88.5%
2012
Blackburn Rovers
87.1%
2005
Norwich City
86.6%
2014
Fulham
85.1%
2005
Southampton
84.7%
2009
West Bromwich Albion
83.9%
Year
Team
% Correct
2006
West Bromwich Albion
83.9%
2003
West Bromwich Albion
83.9%
2003
West Ham United
82.8%
2012
Bolton Wanderers
82.6%
2012
Tottenham Hotspur
82.1%
2010
Tottenham Hotspur
82.1%
2010
Portsmouth
82%
2008
Derby County
81.9%
2002
Derby County
81.9%
2010
Hull City
80.9%
2004
Leicester City
80.2%
2002
Leicester City
80.2%
2014
Cardiff City
79.9%
2011
Birmingham City
79.7%
2008
Birmingham City
79.7%
2006
Birmingham City
79.7%
2013
Queens Park Rangers
79%
2009
Middlesbrough
78.6%
2010
Burnley
76.6%
2012
Wolverhampton Wanderers
76.3%
2004
Wolverhampton Wanderers
76.3%
2007
Sheffield United
75.1%
2011
Blackpool
75%
2013
Wigan Athletic
74.8%
2005
Crystal Palace
74.6%
2002
Ipswich Town
73.6%
2008
Reading
71.6%
2007
Charlton Athletic
69.9%
2000
Sheffield Wednesday
69.9%
2007
Watford
68.6%
2000
Watford
68.6%
2013
Reading
67.5%
2001
Bradford City
61.2%
2001
Coventry City
59%
2000
Wimbledon
57.8%
Quiz Playlist
Details
Report
Send in Message
Add To Playlist
Classic:
Type in answers that appear in a list
Last Updated: Feb 16, 2017
Quiz Scoreboard
CHALLENGE
Sign Up to Join the Scoreboard
Show All
Scores
Hide
Comments
May contain spoilers
Recently Published
Colored Red Africa Blitz
by spor1
Geography
30s
Find the 'City' Movie
by crazypaving
Movies
60s
5x2 Blitz: Bands
by SL_Kpop136
Music
30s
More to Explore
Quiz From the Vault
Featured Blog Post
14 Easter Pick-up Lines to Find Eggs With
hide this ad
You Might Also Like...
Tags
Premier League Quiz
2000
bottom
League
place
Premier
Table
team
TOP 4
Today's Top Quizzes in Sports
Browse Sports
hide this ad
Today's Top Quizzes in Premier League
Browse Premier League
Top Contributed Quizzes in Sports
1
Players with Multiple 50 Home Run Seasons
2
Les entraîneurs de l'OM et du PSG au 21e siècle
3
Criteria MLB: Left Handed Sluggers
4
2022 World Cup Stars
5
Les meilleurs buteurs des matchs entre le PSG et l’OM
6
Who Hit More Homers?
7
Les joueurs passés par le PSG et l'OM
8
NBA Logic Puzzle 2.0
9
Top 10 NHL Goal Scorers of All Time
10
MLB Players with Two .350 Batting Average Seasons
Explore More
Trending Topics
Kpop
Crossword
Harry Potter
Anime
Marvel
NBA
Disney
Soccer
Song
Pokémon
WWE
Puzzle
NFL
The Office
Country
hide this ad
More By:
dbirch4
Quiz
Plays
Rating
Category
Featured
Created
Premier League Top 4 and Bottom 3 Since 2000
884
3.13
Sports
May 16, 2012
March Madness Schools Since 2000
274
2.40
Sports
Dec 28, 2012
MLB Playoff Teams Since 2000
210
1.33
Sports
May 14, 2012
Unsponsored Big 4 Arenas and Stadiums
173
1.00
Sports
Jul 2, 2012
2012 ESPN Big 4 Ultimate Team Rankings
96
1.00
Sports
Dec 11, 2012
Go to Creator's Profile
Score Distribution
Quiz Creator Spotlight
dbirch4
Follow
Send a Message
Quizzes Created
-
Created Quiz Play Count
-
More By This Creator
Popular Quizzes Today
1
Colored Red Africa Blitz
2
Find the 'City' Movie
3
Find the US States - No Outlines Minefield
4
5x2 Blitz: Bands
5
The Countries of the World
6
Find the US States
7
US States
8
9x9 Crossword: Cartoon Network
More Sports Quizzes
What track is it?
Curator's Pick
Trending Quizzes
Colored Red Europe Blitz I
Colored Red Europe Blitz II
Colored Red Africa Blitz II
Colored Red Africa Blitz III
Colored Red Europe Blitz III
Recently Updated
Godzilla Movies
pecheneg
Grab Bag: 4-10 Letters
pecheneg
2024 March Madness Bracket
pecheneg
Famous TV Couples
Peacemaker
Champions League XIs: Real Madrid
pecheneg
Largest US Cities 1790-2010
pecheneg
Rides in Walt Disney World
pecheneg
Most Oscar Losses (Acting)
pecheneg
Beyoncé Albums
pecheneg
Leaping Animals
pecheneg
Trending Topics
Harry Potter
Crossword
Marvel
Disney
NBA
Anime
Kpop
Soccer
Country
Puzzle
NFL
The Office
WWE
Song
Pokémon
Your Account Isn't Verified!
In order to create a playlist on Sporcle, you need to verify the email address you used during registration. Go to your
Sporcle Settings
to finish the process.
Report this User
Report this user for behavior that violates our
Community Guidelines
.
Details:
Send Report
Go to the Sporcle.com Mobile Site →
Comments